| 000 | 00561nas a2200193 a 4500 | ||
|---|---|---|---|
| 001 | 000037086 | ||
| 003 | DLC | ||
| 005 | 20200930080130.0 | ||
| 008 | 120213c19569999dr fr1pdd 0 0spa d | ||
| 040 |
_aDO-SdBNP _bspa |
||
| 043 | _anwdr | ||
| 245 | 0 | 0 | _aBoletín de la Cámara de Cuentas. |
| 260 |
_aCiudad Trujillo, República Dominicana : _bCámara de Cuentas, _c1956. |
||
| 300 |
_av. ; _c22 cm. |
||
| 310 |
_aEnero-Junio _b1956 |
||
| 362 | _a1956 | ||
| 650 | 4 |
_aAdministración pública _zRepública Dominicana _93011 |
|
| 651 | 4 |
_aRepública Dominicana _910483 |
|
| 999 |
_c36576 _d36576 |
||